Регионална библиотека "Любен Каравелов" - Русе

Тъкачество (Запис номер 437081)

MARC детайли
000 -Лидер
Контролно поле с фиксирана дължина nam a22 a 4500
003 - Код на организацията, давaща контролен номер
Контролно поле BLK
005 - Дата и час на последна редакция
Контролно поле 20221208031135.0
008 - Елементи от данни с фиксирана дължина
fixed length control field 211116b bu |||||r|||| 00| | bu d
040 ## - Източник на каталожния запис
Идентификатор на билиотеката - собственик на записа BLK
041 ## - Код за език
Код за езика на текст/звукозапис или на отделно заглавие Български
Код за езика КДБФ Български
080 ## - УДК
Текстов определител УДК Текстилна промишленост. Технология на влакнестите мателиали
УДК код - определител по УДК 677
УДК определител (075)
УДК - код + определител 677(075)
100 ## - Редна дума - Автор
R(LIN) 314016
Автор Овчаров, Ангел В.
Авторска отговорност първи автор
139 ## - Редно поле
Редна дума Овчаров, Ангел В.
245 ## - Сведения за заглавието
Заглавие Тъкачество
Подзаглавни данни Учебник за III и IV курс на техникумите по текстил, специалност Предачество
Редно поле (дума) Ангел В. Овчаров, Стоян Каравълев
260 ## - Област на издателските данни
9 (RLIN) 216179
Място на издаване, разпространение и проч. София
Име на издателя, разпространителя и проч. Нар. просв.
Година на издаване 1958
300 ## - Физическа характеристика
Страници 242 с.
Размери/Мащаб 25 см
Илюстрации и др. с ил.
380 ## - Жанр
Жанр Техника
500 ## - Общи забележки
Забележка 1 200 тир.<br/>
653 #7 - Ключова дума – ненормативна
9 (RLIN) 198834
Ключова дума тъкачество
700 ## - Други автори (авторска отговорност)
Лично име Каравълев, Стоян Вълев
Автороска отговорност (Описва отношението между автора и произведението) съавт.
9 (RLIN) 1445
852 ## - Местоположение
Форматна сигнатура Цб 9280
Фондова буква Основен фонд - ползва се само за читалня
999 ## - СИСТЕМНИ КОНТРОЛНИ НОМЕРА
Koha biblionumber 437081
Koha biblioitemnumber 437081
942 ## - АРТИКУЛИ
Вид на библиотечния материал Книги
Скрит в OPAC Не
Периодичен библиозапис Да
Наличности
Код за отписване Код за изгубен артикул Източник на класификационната схема Код за повреда Коз за рестрикции Код за отдаване Артикулен № Име на библиотеката - собственик Име на библиотеката, в която се намира в момента Статус (Текущо местоположение) Дата на вписване в системата Местоположение - отдел Цена в лева Инвентарен номер Систематично азбучна сигнатура Баркод Цена в евро Служебен тип на артикула
  Не е изгубен Universal Decimal Classification Не е повреден само за читалня ползва се в читалня 862578 Регионална библиотека "Любен Каравелов" Русе Регионална библиотека "Любен Каравелов" Русе Хранилище 2021-11-17 Основен фонд - ползва се само за читалня 0.61 2145/58 Цб 9280 900000084414 0.31 Книги
Vip Innovations Ltd, Rousse, Bulgaria 2025